Tumbling E Chart - Statistics

General Stats
  • This quiz has been taken 8 times
  • The average score is 2 of 11
Answer Stats
Row Answer % Correct
1 E
100%
3 3WM
20%
4 EWE3
20%
2 ME
20%
5 3M3EW
0%
11 3MEM3WMWE
0%
9 EM3WME3M
0%
6 EW3MWE
0%
8 M3E3WME
0%
10 ME3EWEW3
0%
7 WMEM3WM
0%
No matching quizzes found
Score Distribution
Percent of People with Each Score
Percentile by Number Answered
Your Score History
You have not taken this quiz